1460 1445 1156 1839 1503 1828 1826 1926 1350 1475 1996 1807 1474 1390 1580 1861 1313 1727 1187 1414 1510 1805 1877 1784 1949 1849 1595 1722 1855 1926 1803 1474 1091 1585 1767 1971 1241 1613 1506 1345 1656 1398 1849 1319 1232 1137 1030 1150 1814 1401 1734 1858 1146 1093 1867 1107 1631 1773 1626 1182 1337 1893 1933 1490 1777 1327 1262 1486 1655 1062 1017 1043 1675 1128 1910 1159 1631 1616 1094 1310 1998 1382 1822 1669 1448 1998 1901 1113 1859 1877 1552 1015 1087 1748 1737 1053 1695 1995 1304 BCNSPRNW ULIB Ver.6.0+V

เปลี่ยนเป็นภาษาไทย

Change to English
 แสดงรายละเอียดบรรณานุกรม
  กลับหน้าหลัก

Brief Record : Get Marc (ISO 2709) : E-mail record : QR code < ปิดหน้าต่าง
LEADER : 00000nam 2200000uu 4500
001    13399127596
003     ULIB
008    210222s2561||||th 000 0 tha d
020    ^a9789746523165^c450
060  4 ^aQS504^bก768จ
100 0  ^aเกล็ดแก้ว ด่านวิวัฒน์
245 10 ^aจุลกายวิภาคศาสตร์ /^cเกล็ดแก้ว ด่านวิวัฒน์
250    ^aพิมพ์ครั้งที่ 2
260    ^aกรุงเทพฯ :^bไอกรุ๊ป เพรส,^c2561
300    ^aav, 212 หน้า :^bภาพประกอบ
650  2 ^aHistology
650  4 ^aจุลกายวิภาคศาสตร์
945    ^p450^l0^i007702
945    ^p450^l0^i007703
945    ^p450^l0^i007704
945    ^p450^l0^i007705
945    ^p450^l0^i007706
945    ^p450^l0^i007707
945    ^p450^l0^i007708
945    ^p450^l0^i007709
945    ^p450^l0^i007710
945    ^p450^l0^i007711
999    ^aประนอม เกษจรัล
รายการนี้ยังไม่มีแท็ก
คุณยังไม่ได้ล็อกอิน คุณสามารถมีกิจกรรมร่วมกับเว็บไซต์ได้ แต่ต้องล็อกอินก่อน ::
  ล็อกอิน

รายการสื่อสารสนเทศ

ลำดับที่ ประเภท เลขเรียก/บาร์โค้ด สถานที่ สถานะ
1. วิทยาศาสตร์การแพทย์ และสุขภาพ
หนังสือสำรอง
สถานะ=หนังสือสำรอง
QS504 ก768จ ฉ.1 
  Barcode: 007702
ห้องสมุดวิทยาเขตสวรรค์ประชารักษ์
►หนังสือทั่วไป
บนชั้น
2. วิทยาศาสตร์การแพทย์ และสุขภาพ
วิทยาศาสตร์การแพทย์ และสุขภาพ
QS504 ก768จ ฉ.10 
  Barcode: 007711
ห้องสมุดวิทยาเขตสวรรค์ประชารักษ์
►หนังสือทั่วไป
บนชั้น
3. วิทยาศาสตร์การแพทย์ และสุขภาพ
วิทยาศาสตร์การแพทย์ และสุขภาพ
QS504 ก768จ ฉ.2 
  Barcode: 007703
ห้องสมุดวิทยาเขตสวรรค์ประชารักษ์
►หนังสือทั่วไป
บนชั้น
4. วิทยาศาสตร์การแพทย์ และสุขภาพ
วิทยาศาสตร์การแพทย์ และสุขภาพ
QS504 ก768จ ฉ.3 
  Barcode: 007704
ห้องสมุดวิทยาเขตสวรรค์ประชารักษ์
►หนังสือทั่วไป
บนชั้น
5. วิทยาศาสตร์การแพทย์ และสุขภาพ
วิทยาศาสตร์การแพทย์ และสุขภาพ
QS504 ก768จ ฉ.4 
  Barcode: 007705
ห้องสมุดวิทยาเขตสวรรค์ประชารักษ์
►หนังสือทั่วไป
บนชั้น
6. วิทยาศาสตร์การแพทย์ และสุขภาพ
วิทยาศาสตร์การแพทย์ และสุขภาพ
QS504 ก768จ ฉ.5 
  Barcode: 007706
ห้องสมุดวิทยาเขตสวรรค์ประชารักษ์
►หนังสือทั่วไป
บนชั้น
7. วิทยาศาสตร์การแพทย์ และสุขภาพ
วิทยาศาสตร์การแพทย์ และสุขภาพ
QS504 ก768จ ฉ.6 
  Barcode: 007707
ห้องสมุดวิทยาเขตสวรรค์ประชารักษ์
►หนังสือทั่วไป
บนชั้น
8. วิทยาศาสตร์การแพทย์ และสุขภาพ
วิทยาศาสตร์การแพทย์ และสุขภาพ
QS504 ก768จ ฉ.7 
  Barcode: 007708
ห้องสมุดวิทยาเขตสวรรค์ประชารักษ์
►หนังสือทั่วไป
บนชั้น
9. วิทยาศาสตร์การแพทย์ และสุขภาพ
วิทยาศาสตร์การแพทย์ และสุขภาพ
QS504 ก768จ ฉ.8 
  Barcode: 007709
ห้องสมุดวิทยาเขตสวรรค์ประชารักษ์
►หนังสือทั่วไป
บนชั้น
10. วิทยาศาสตร์การแพทย์ และสุขภาพ
วิทยาศาสตร์การแพทย์ และสุขภาพ
QS504 ก768จ ฉ.9 
  Barcode: 007710
ห้องสมุดวิทยาเขตสวรรค์ประชารักษ์
►หนังสือทั่วไป
บนชั้น

รายการใกล้เคียง
    ผู้แต่ง [เกล็ดแก้ว ด่านวิวัฒน์]

    หัวเรื่อง [Histology]
    หัวเรื่อง [จุลกายวิภาคศาสตร์]

BibComment


ยังไม่เคยถูกคอมเมนท์

คอมเมนท์ทรัพยากรรายการนี้
  คอมเมนท์: จุลกายวิภาคศาสตร..


 Copyright 2026. Bcnsprnw @Library